000 00623nam a2200229 a 4500
005 20140310183300.0
008 041126s19uu xx 00 eng d
020 _a9712329771
050 _aKF 5625.51.N3
_b.T67 2000
100 _aTorres, Justo P.
245 _aThe law on negotiable instruments /
_cJusto P. Torres.
250 _a2000 ed.
260 _aManila, Philippines :
_bRex Bookstore,
_c2000.
300 _a302 p. :
_c21 cm.
521 _aBSBA
650 _aNegotiable instruments
_xPhilippines.
942 _cBK
_2lcc
_kLOC
999 _c20946
_d20946